Medium Populated Countries - Statistics

General Stats
  • This quiz has been taken 23 times
  • The average score is 9 of 20
Answer Stats
Population Country % Correct
8,741,753 Austria
74%
7,076,372 Serbia
74%
9,906,331 Sweden
74%
9,823,000 Hungary
70%
6,492,400 Laos
70%
8,341,600 Switzerland
70%
7,153,784 Bulgaria
65%
8,572,420 Israel
57%
9,651,860 Jordan
57%
9,498,700 Belarus
43%
8,721,014 Honduras
39%
6,854,536 Paraguay
39%
8,551,000 Tajikistan
35%
9,755,500 Azerbaijan
30%
6,385,000 Libya
30%
7,143,000 Togo
30%
6,520,675 El Salvador
26%
7,075,641 Sierra Leone
26%
8,083,700 Papua New Guinea
17%
9,856,000 United Arab Emirates
17%
No matching quizzes found
Score Distribution
Percent of People with Each Score
Percentile by Number Answered
Your Score History
You have not taken this quiz